| 000 | 00505nam a2200193Ia 4500 | ||
|---|---|---|---|
| 008 | 220216s9999 xx 000 0 und d | ||
| 100 | _aHolzer C H | ||
| 245 | 0 | _aProcessing related rheological determination of an EPDM-compound | |
| 260 |
_bKautschuk Gummi Kunststoffe _c1997 |
||
| 300 | _a648-652 | ||
| 650 | _aEnergybalance | ||
| 650 | _aInjection-moulding | ||
| 650 | _aRheology | ||
| 650 | _aRubber | ||
| 650 | _aWall-slipping | ||
| 700 | _aLangecker G R | ||
| 700 | _aLeoben | ||
| 942 | _cJS | ||
| 999 |
_c65800 _d65800 |
||